Cuba en la hora de los hornos
שמור ב:
| פורמט: | Texto |
|---|---|
| נושאים: | |
| תגים: |
הוספת תג
אין תגיות, היה/י הראשונ/ה לתייג את הרשומה!
|
MARC
| LEADER | 00000 a a2200000 04500 | ||
|---|---|---|---|
| 001 | 269 | ||
| 003 | |||
| 040 | |||
| 245 | |a Cuba en la hora de los hornos | ||
| 650 | |a ECONOMIA | ||
| 650 | |a CAPITALISMO | ||
| 650 | |a POLITICA | ||
| 650 | |a CUBA | ||
| 650 | |a ESTADOS UNIDOS | ||
| 773 | |g número 8 especial; páginas 9-28 | ||
| 999 | |c 27370 |d 27370 | ||
| 773 | 0 | |0 41952 |9 3371 |d Madrid: Solidaridad para el desarrollo y la paz, SODEPAZ-SODEPAU; Asociación Andaluza por la solidaridad y la paz 1990- |o 03630 |t Africa América Latina: |x 11302569 | |
